The hunt: the outcome is never certain (Record no. 76264)

MARC details
000 -LEADER
fixed length control field 01131nam a2200265 a 4500
008 - FIXED-LENGTH DATA ELEMENTS--GENERAL INFORMATION
fixed length control field 181107s2015 ||||||||||||||||| || u
020 ## - INTERNATIONAL STANDARD BOOK NUMBER
International Standard Book Number 9781849907224
050 ## - LIBRARY OF CONGRESS CALL NUMBER
Classification number QL 758 Fot
100 ## - MAIN ENTRY--PERSONAL NAME
Personal name Fothergill, Alastair
245 14 - TITLE STATEMENT
Title The hunt: the outcome is never certain
Statement of responsibility, etc. by Alastair Fothergill and Huw Cordey ; foreword by David Attenborough
260 ## - PUBLICATION, DISTRIBUTION, ETC.
Place of publication, distribution, etc. London:
Name of publisher, distributor, etc. BBC Books
Date of publication, distribution, etc. 2015
300 ## - PHYSICAL DESCRIPTION
Extent 312 pages : illustrations
338 ## -
-- volume
-- rdacarrier
350 ## -
-- 31.75
490 ## -
-- Accompanies the landmark BBC series
500 ## - GENERAL NOTE
General note Illustrations on lining papers Includes index. Formerly CIP. Uk
650 #0 - SUBJECT ADDED ENTRY--TOPICAL TERM
Topical term or geographic name entry element PREDATION (BIOLOGY)
700 ## - ADDED ENTRY--PERSONAL NAME
Personal name Cordey, Huw
995 ## -
-- MAIN LIBRARY OPEN ACCESS
-- 748634
-- CBU-MAIN LIBRARY (Kitwe)
-- 31.75
-- QL 758 Fot
-- 1
-- AVAILABLE
-- Nov 7, 2018
-- 748634
-- Main Library Open Access Collection
995 ## -
-- MAIN LIBRARY OPEN ACCESS
-- 748635
-- CBU-MAIN LIBRARY (Kitwe)
-- 31.75
-- QL 758 Fot
-- 2
-- AVAILABLE
-- Nov 7, 2018
-- 748635
-- Main Library Open Access Collection
999 ## -
-- 76264
-- 76264
Holdings
Withdrawn status Lost status Source of classification or shelving scheme Damaged status Not for loan Permanent Location Current Location Shelving location Date acquired Total Checkouts Full call number Barcode Date last seen Copy number Price effective from Koha item type
          CBU-MAIN LIBRARY, KITWE. CBU-MAIN LIBRARY, KITWE.   04/25/2023   QL 758 Fot 748634 04/25/2023 1 04/25/2023 MONOGRAPH
          CBU-MAIN LIBRARY, KITWE. CBU-MAIN LIBRARY, KITWE.   04/25/2023   QL 758 Fot 748635 04/25/2023 2 04/25/2023 MONOGRAPH